01281nam a2200205 a 450000500170000002000270001702000300004408200150007410000230008924500380011225000120015026000520016230000130021452006100022765000270083785600700086494200070093499900150094195201190095620250816123951.0 a8122432034 (paperback) a9788122432039 (paperback) a541.38 ARN1 aArnikar, H.J.965210aEssentials of nuclear chemistry / a4th ed. a[S.l.] :bNew Age International Pvt. Ltdc2010. a446 p. ; aThe revised edition retains the essential theories of nuclear structure and stability, radioactivity and the principles of fission, fusion and breeder reactors of the earlier editions. The preparation of the more commonly used radioisotopes and their uses as tracers in research, medicine, agriculture and industry are described. The book also covers the elements of Radiation and Radiochemistry illustrated with additional examples. The section on Mossbauer effect is retained. The chapter on the detection and measurement of radioactivity is revised to include thermoluminescence and Cerenkov detectors. anuclear chemistry965140uhttp://www.amazon.com/exec/obidos/ASIN/8122432034/chopaconline-20 cBK c2534d2534 0010708NFICaICbICcGENd2015-11-28l13m3o541.38 ARNp006561r2024-12-16 14:42:29s2024-11-30w2015-11-28yBK